000 01103cad a22002175a 4500
001 L156896
008 120730e2012 xxk 000 0 eng d
035 _a(Sirsi) u156896
041 0 _aeng
100 1 _aWarren, Laura
110 2 _aClyde & Co
245 0 0 _aSit up and take notice
_bcontractual notices and practices in Qatar
_h[electronic resource]
260 _c2012
520 _aThis article examines notice provisions that are most likely to be encountered in practice in Qatar, by reference to a main construction contract (although notice provisions may be found in sub-contracts, supply contracts and professional consultancy agreements alike), and looks at the legal issues arising from conflicts involving the failure to give proper contractual notices; FIDIC.
590 _aNTK KA
651 4 _aQatar
690 _aContracts
_96232
710 _aHall, Alexa
856 4 0 _uhttps://www.mondaq.com/x/187888/Building+Construction/Sit+Up+And+Take+Notice+Contractual+Notices+And+Practices+In+Qatar&email_access=on
_zView the article after free registration at www.mondaq.com
942 _n0
999 _c84193
_d84193